El control de la calidad en los servicios de auditoría externa en Argentina (Registro nro. 9216)

Detalles MARC
000 -LEADER
fixed length control field 00584 a2200181 4500
001 - CONTROL NUMBER
control field ART_7870
005 - DATE AND TIME OF LATEST TRANSACTION
control field 20260410161556.0
008 - FIXED-LENGTH DATA ELEMENTS--GENERAL INFORMATION
fixed length control field 260409a
100 1# - MAIN ENTRY--PERSONAL NAME
Personal name Santesteban Hunter, Jorge H.
245 10 - TITLE STATEMENT
Title El control de la calidad en los servicios de auditoría externa en Argentina
700 1# - ADDED ENTRY--PERSONAL NAME
Personal name Español, Guillermo G.
700 1# - ADDED ENTRY--PERSONAL NAME
Personal name Pellegrino, Adriana
700 1# - ADDED ENTRY--PERSONAL NAME
Personal name Salvatierra, Norma
700 1# - ADDED ENTRY--PERSONAL NAME
Personal name Schneir, Ricardo
700 1# - ADDED ENTRY--PERSONAL NAME
Personal name Suardi, Diana
700 1# - ADDED ENTRY--PERSONAL NAME
Personal name Vazquéz, Claudia M.
773 0# - HOST ITEM ENTRY
Title Profesional & Empresaria
Related parts - Año XI, Nº 116 (may. 2009)
Record control number REV70

No hay ítems disponibles.